Missing Word: Alan Menken Disney Songs II Quiz Stats

 Plays Quiz Updated Aug 17, 2019

Score 0/16 Timer 03:00
0 Plays Today
Hint Answer % Correct
TangledKnows
94.9%
The Hunchback of Notre DameTopsy
91.3%
TangledLife
89.9%
Home on the RangeSun
89.5%
The Hunchback of Notre DameLike
89.4%
Home on the RangeNeed
85%
HerculesZero
84.3%
TangledSee
84%
Hint Answer % Correct
HerculesDistance
82.1%
HerculesWon't
74.8%
HerculesLast
72%
The Hunchback of Notre DameThere
65.4%
The Hunchback of Notre DameHelp
59.8%
TangledDream
55.9%
Home on the RangePatch
20.9%
Home on the RangeTrail
19.7%

Today's Daily Dose

Missing Word
Celine Dion

Word Ladder
Dr. Seuss Books

Quick Pick
Cities in India

Get the Picture
'A' Actresses

You're not logged in!

Compare scores with friends on all Sporcle quizzes.
OR
Log In

Sporcle TV

Today on Sporcle TV


Watch our educational content, quiz creation guides, and fun videos on Sporcle TV.

Show Comments

Extras

Top Quizzes Today


Score Distribution

Your Account Isn't Verified!

In order to create a playlist on Sporcle, you need to verify the email address you used during registration. Go to your Sporcle Settings to finish the process.

Report this User

Report this user for behavior that violates our Community Guidelines.

Details: